Statistics for Famous Landmarks #2

Click here to take the quiz!

General Stats

  • This quiz has been taken 27 times
  • The average score is 11 of 15

Answer Stats

Answer% Correct
Golden Gate Bridge
100%
Mount Rushmore
94%
Stonehenge
94%
White House
94%
Mount Everest
88%
Christ the Redeemer
82%
London Eye
76%
The Grand Canyon
76%
The Great Sphinx
76%
Burj Khalifa
71%
Niagara Falls
65%
Petra
65%
The Forbidden City
65%
Washington Monument
65%
Colosseum Rome
18%

Score Distribution

Percentile by Number Answered

Percent of People with Each Score

Your Score History

You have not taken this quiz